000 00717nam a2200205 a 4500
001 000026299
005 20230519124858.0
008 110310s2008 dr 000 0 spa d
020 _a9789945865165
040 _aDO-SdBNP
_bspa
_cBNPHU
040 _aDO-SdBNP
082 _axxx
_bR457p
100 1 _aReyes Meléndez, María Elena
_953331
245 1 0 _aForo de mujeres por la reforma constitucional :
_bpropuesta Reforma Constitucional en República Dominicana /
_cMaría Elena Reyes Meléndez.
250 _a2a ed.
260 _aSanto Domingo :
_bYan Impresos,
_c2008.
300 _a112 p. ;
_c22 cm.
500 _aIncluye referencias bibliográficas y notas al pie de páginas
504 _aBibliografías p. 96-104
999 _c25791
_d25791